| 000 | 01404nam0a2200325 4500 | ||
|---|---|---|---|
| 001 | RU\NLR\bibl\435780 | ||
| 005 | 20250623173322.0 | ||
| 010 |
_a5-93160-044-2 _9150 |
||
| 021 |
_aRU _b2003-43164 _92054 |
||
| 035 | _a(NLR Aleph) 000429576 | ||
| 090 |
_a745904 _c745904 |
||
| 100 | _a20030912d2002 |||y0rusy50 ca | ||
| 101 | 0 | _arus | |
| 102 | _aRU | ||
| 105 | _ay ||||||||| | ||
| 200 | 1 |
_aАдминистративное право. Общая часть _e[учеб. пособие] _fП. П. Фатеев _gМ-во внутр. дел России, Тюмен. юрид. ин-т |
|
| 210 |
_aТюмень _cТюмен. юрид. ин-т _d2002 |
||
| 215 |
_a110 с. _d21 |
||
| 320 | _aБиблиогр.: с. 102-110 (135 назв.) | ||
| 606 | 0 |
_aАдминистративное право _jРуководства, пособия и т.п. _xОбщая часть _yРоссийская Федерация _92086817 _3RU\NLR\auth\661262963 |
|
| 606 | 0 |
_aАдминистративное право _jУчебные издания _xОбщая часть _yРоссийская Федерация _92086817 _3RU\NLR\auth\661262963 |
|
| 686 | _aХ621.0я7 | ||
| 700 | 1 |
_aФатеев _bП. П. _gПетр Петрович _4070 |
|
| 801 | 0 |
_aRU _bNLR _c20030912 _gPSBO |
|
| 801 | 1 |
_aRU _bNLR _c20030912 |
|
| 830 | _aАвт. по кн. | ||
| 942 | _cBOOK | ||
| 980 | _aNB | ||